| 000 | 00652nam a2200205 a 4500 | ||
|---|---|---|---|
| 005 | 20250221063746.0 | ||
| 008 | 011023s2001 es r 000 0 spa d | ||
| 020 | _a8495212986 | ||
| 035 | _aUPN01000113414 | ||
| 049 | _aCG | ||
| 050 | 4 |
_aLC214 _bP7.6 |
|
| 245 | 0 | 0 |
_aPrograma para el desarrollo de la competencia integradora del profesorado / _cJesús Garrido Landívar ... [et al.]. |
| 260 |
_aMálaga, Esp. : _bAljibe, _c2001. |
||
| 300 | _a108 p. | ||
| 440 | 0 | _aEducación especial | |
| 650 | 4 |
_aINTEGRACION DE PROFESORES _914854 |
|
| 650 | 4 |
_aIntegración escolar _9306 |
|
| 700 | 1 |
_aGarrido Landívar, Jesús, _ecoaut. _931463 |
|
| 905 | _aLibro | ||
| 999 |
_c87322 _d87322 |
||